| 000 | 00789cam a22002531 4500 | ||
|---|---|---|---|
| 001 | 15848 | ||
| 003 | BD-RjUL | ||
| 005 | 20211208235910.0 | ||
| 008 | 140211r19601957nyu 001 0 eng d | ||
| 035 | _a(BD-RjUL)15903 | ||
| 035 | _a(OCoLC)560542 | ||
| 040 |
_aDLC _cODaWU _dOCoLC _dUk _dOCoLC _dDLC _dBD-RjUL _beng |
||
| 041 | _aeng | ||
| 082 |
_a658.3 _bSPE 1960 |
||
| 100 | 1 |
_aSpriegel, William R. _q(William Robert), _d1893-1972. _949152 |
|
| 245 | 1 | 0 |
_aElements of supervision / _c William R. Spriegel, Edward Schulz [and] William B. Spriegel. |
| 250 | _a2d ed. | ||
| 260 |
_aNew York ; _aLondon : _bWiley, _cc1957[printed 1960] |
||
| 300 |
_axii, 349 p. : _c23 cm. |
||
| 650 | 0 |
_aPersonnel management. _949153 |
|
| 942 |
_2ddc _cBK |
||
| 999 |
_c15848 _d15848 |
||